Automotive FDI in emerging Europe shifting locales in the motor vehicle industry

Bibliographic Details
Main Author: Jacobs, A. J. (Andrew James), 1963- (Author)
Format: Book
Language:English
PhysicalDescription:x, 356 strán tabuľky 22 cm
Published: London Palgrave MacMillan 2017
ISBN:9781137407818
Subjects:

MARC

LEADER 00000nam a2200000 4500
001 vtls011736762
003 SK-MaSNL
005 20260301095029.0
008 240318s2017 xxka f 011 0 eng
015 |a SNBZSA2018/03 
020 |a 9781137407818  |q (viazané) 
035 |a urn:nbn:sk:snk-am00dge0 
035 |a urn:nbn:sk:snk-am3i1e0 
035 |a D7AD19FA-7078-417F-8D15-B5AF6A894D23 
040 |a SNK  |b slo  |c SNK  |e rda 
041 0 |a eng 
043 |a e------ 
044 |a xxk  |c UK 
072 7 |a 339.5  |x Zahraničný obchod. Medzinárodný obchod  |2 konspekt 
080 |a 629.331:338.45  |2 2011 
080 |a 339.5  |2 2011 
080 |a 339.727.22  |2 2011 
080 |a 338  |2 2011 
080 |a (4)  |2 2011 
080 |a 629.331  |2 2011 
080 |a (048.8:082)  |2 2011 
100 1 |a Jacobs, A. J.  |q (Andrew James),  |d 1963-  |4 aut  |9 429755 
245 1 0 |a Automotive FDI in emerging Europe  |b shifting locales in the motor vehicle industry  |c A. J. Jacobs 
246 3 |a Shifting locales in the motor vehicle industry 
264 1 |a London  |b Palgrave MacMillan  |c 2017 
300 |a x, 356 strán  |b tabuľky  |c 22 cm 
336 |a text  |b txt  |2 rdacontent 
337 |a bez média  |b n  |2 rdamedia 
338 |a zväzok  |b nc  |2 rdacarrier 
504 |a Bibliografia ; bibliografické odkazy ; register 
648 7 |a 20.-21. storočie  |2 SNK  |9 302531 
650 0 7 |a automobilový priemysel  |2 SNKPH  |9 28623 
650 0 7 |a Automobile industry  |2 SNKPHeng  |9 267339 
650 0 7 |a zahraničný obchod  |2 SNKPH  |9 2200 
650 0 7 |a Foreign trade  |2 SNKPHeng  |9 268397 
650 0 7 |a zahraničné investície  |2 SNKPH  |9 2650 
650 0 7 |a Foreign investments  |2 SNKPHeng  |9 326994 
650 0 7 |a ekonomická transformácia  |2 SNKPH  |9 4367 
650 0 7 |a Economic transformation  |2 SNKPHeng  |9 305819 
650 0 7 |a automobily  |2 SNKPH  |9 18879 
650 0 7 |a Automobiles  |2 SNKPHeng  |9 265520 
651 7 |a Európa  |2 SNKPHgeo  |9 167569 
651 7 |a Europe  |2 SNKPHeng  |9 56249 
655 7 |a kolektívne monografie  |2 SNKPH  |9 249850 
655 7 |a Collective monographs  |2 SNKPHeng  |9 125747 
919 |a 978-1-137-40781-8 
958 |a ZS 
958 |a NB 
999 |c 682001  |d 683931 
952 |a SNK  |b SNK  |y PREZ  |7 0  |p 17A1320129  |o snkSC 178032  |i snk2018/3543  |8 4  |g 127.63  |0 0  |1 0  |4 0  |d 2018-01-16  |f 1  |l 0  |r 2025-09-19 00:00:00  |w 2026-02-23